[Event "XXI WJun Women"]
[Site "Kochin IND"]
[Date "2004.11.20"]
[Round "2"]
[White "Sachdev,T"]
[Black "Saheli,N"]
[Result "1/2-1/2"]
[WhiteElo "2256"]
[BlackElo "2130"]

1.d4 Nf6 2.c4 e6 3.Nf3 b6 4.g3 Ba6 5.b3 Bb4+ 6.Bd2 Be7 7.Bc3 c6 8.Bg2 d5
9.Nbd2 Nbd7 10.O-O O-O 11.Re1 c5 12.e4 dxe4 13.Ng5 cxd4 14.Bxd4 Bb7 15.Ngxe4 Nxe4
16.Nxe4 Qc7 17.Qe2 Rad8 18.Rad1 Bb4 19.Rf1 e5 20.Bb2 f5 21.Nc3 Bxg2 22.Kxg2 Bxc3
23.Bxc3 e4 24.Rd5 Nc5 25.Qe3 Rxd5 26.cxd5 f4 27.gxf4 Rxf4 28.Qg3 Qf7 29.Bd4 h5
30.Kh1 Rg4 31.Qe3 Qxd5 32.Bxc5 bxc5 33.f3 exf3 34.Qxf3 Qxf3+ 35.Rxf3 c4 36.Rc3 cxb3
37.axb3 Kh7 38.Rc5 Kh6 39.Ra5 Rb4 40.Rxa7 Rxb3 41.Kg2 g6 42.h4 Rb4 43.Kg3 Rg4+
44.Kh3 Rb4  1/2-1/2

[Event "TCh-ISL 2004-5"]
[Site "Reykjavik ISL"]
[Date "2004.11.20"]
[Round "2"]
[White "Halldorsson,Br"]
[Black "Thorfinnsson,Br"]
[Result "0-1"]
[WhiteElo "2208"]
[BlackElo "2435"]

1.d4 Nf6 2.c4 e6 3.Nf3 b6 4.g3 Ba6 5.Nbd2 Bb4 6.Qc2 Bb7 7.Bg2 Be4 8.Qb3 Bxd2+
9.Bxd2 O-O 10.O-O d6 11.Bg5 Nbd7 12.Rfd1 a5 13.Ne1 a4 14.Qe3 Bxg2 15.Kxg2 Ra5
16.Qc1 Qa8+ 17.Nf3 Qe4 18.Rd3 Ng4 19.Be3 e5 20.h3 f5 21.Qd1 Qb7 22.Ra3 Nxe3+
23.fxe3 Qe4 24.Kf2 Nf6 25.Nd2 Qa8 26.Qh1 Ne4+ 27.Nxe4 fxe4+ 28.Ke1 b5 29.Rc3 bxc4
30.Rxc4 Rb5 31.Rc2 exd4 32.exd4 Qa5+  0-1

[Event "Petrosian Mem Open"]
[Site "Yerevan ARM"]
[Date "2004.11.20"]
[Round "2"]
[White "Sargissian,G"]
[Black "Kalashian,D"]
[Result "1-0"]
[WhiteElo "2611"]
[BlackElo "2196"]

1.d4 Nf6 2.c4 e6 3.Nf3 b6 4.g3 Ba6 5.b3 Bb4+ 6.Bd2 Be7 7.Bg2 c6 8.O-O d5
9.Qc2 O-O 10.Rd1 Nbd7 11.Bf4 Rc8 12.Nc3 c5 13.cxd5 cxd4 14.Nxd4 Nxd5 15.Bxd5 exd5
16.Qb2 Bb7 17.Rac1 Nc5 18.Ncb5 Ra8 19.b4 Na6 20.Nf5 Bf6 21.Be5 d4 22.Bxf6 Qxf6
23.Nbd6 Bd5 24.a3 Nb8 25.Qxd4 Qxd4 26.Rxd4 Be6 27.Ne7+ Kh8 28.f4 g6 29.e4 a5
30.b5 f5 31.exf5 gxf5 32.Rc7 a4 33.Ndxf5 Nd7 34.Nd6 Nc5 35.Ne4 Nxe4 36.Rxe4 Bf7
37.Nc6  1-0

[Event "XXI WJun Women"]
[Site "Kochin IND"]
[Date "2004.11.21"]
[Round "4"]
[White "Sivasankari,P"]
[Black "Saheli,N"]
[Result "1-0"]
[WhiteElo "2112"]
[BlackElo "2130"]

1.d4 Nf6 2.c4 e6 3.Nf3 b6 4.g3 Ba6 5.Qa4 Be7 6.Bg2 O-O 7.O-O c6 8.Nc3 d5
9.Ne5 Qe8 10.b4 Bxc4 11.Nxc4 b5 12.Nd6 Bxd6 13.Qb3 Qe7 14.a4 bxa4 15.Nxa4 Nbd7
16.Nc5 Nb6 17.Bg5 h6 18.Bxf6 Qxf6 19.Rfd1 Rfc8 20.e4 Qe7 21.e5 Bxc5 22.bxc5 Nc4
23.Bf1 Rcb8 24.Qc3 Rb5 25.Bxc4 dxc4 26.Qxc4 Rab8 27.Ra6 Qd7 28.Rda1 Rb4 29.Qc3 Rxd4
30.Rxa7 Qd5 31.Qe3 Rb3 32.Ra8+ Kh7 33.Qe2 Rd2 34.Qe1 Rbd3 35.h4 Rd1 36.Rxd1 Rxd1
37.Ra1 Rxe1+ 38.Rxe1 Qxc5 39.Kg2 Qb5 40.Kg1 c5 41.Kh2 c4 42.Kg1 c3  1-0

[Event "TCh-ISL 2004-5"]
[Site "Reykjavik ISL"]
[Date "2004.11.21"]
[Round "4"]
[White "Valtysson,T"]
[Black "Jonsson,Bjorg"]
[Result "0-1"]
[WhiteElo "2201"]
[BlackElo "2404"]

1.d4 Nf6 2.Nf3 e6 3.c4 b6 4.g3 Ba6 5.Qa4 Bb7 6.Bg2 c5 7.dxc5 Bxc5 8.O-O O-O
9.Nc3 Ne4 10.Nxe4 Bxe4 11.Ng5 Bxg2 12.Kxg2 Be7 13.Nf3 Bf6 14.Rd1 Nc6 15.Rb1 Qc7
16.Be3 Rfd8 17.Qb5 d6 18.b3 Qb7 19.Kg1 Rab8 20.Qh5 g6 21.Qh3 Qe7 22.Qg2 Rbc8
23.Rd2 d5 24.cxd5 Rxd5 25.Rc1 Rxd2 26.Nxd2 Qd7 27.Qf3 Bb2 28.Ne4 f5 29.Rxc6 Qxc6
30.Ng5 Qxf3 31.Nxf3 Bf6 32.Nd2 Rc2 33.a4 Rb2  0-1

[Event "XXI WJun Women"]
[Site "Kochin IND"]
[Date "2004.11.22"]
[Round "6"]
[White "Sachdev,T"]
[Black "Gutsko,A"]
[Result "1-0"]
[WhiteElo "2256"]
[BlackElo "2272"]

1.d4 Nf6 2.c4 e6 3.Nf3 b6 4.g3 Ba6 5.b3 b5 6.cxb5 Bxb5 7.Bg2 d5 8.O-O Bd6
9.Nc3 Ba6 10.Bb2 Nbd7 11.Rc1 O-O 12.Na4 Ne4 13.Ne5 f5 14.Qc2 Bb5 15.Nc3 Nxc3
16.Bxc3 Qf6 17.a4 Bxa4 18.bxa4 Nxe5 19.dxe5 Bxe5 20.Bxe5 Qxe5 21.Qxc7 Qxe2
22.Rfe1 Qg4 23.Qe5 Qxa4 24.Rc7 Qg4 25.Qxe6+ Kh8 26.Bxd5 Rad8 27.Rxa7 h6 28.Re7 Qd4
29.Bf3 Qc3 30.Qe5 Qxe5 31.R1xe5 f4 32.g4 Rc8 33.h4 Rcd8 34.h5 Rb8 35.Kg2 Rbd8
36.Bc6 Ra8  1-0

[Event "ch-CRO"]
[Site "Zagreb CRO"]
[Date "2004.11.24"]
[Round "9"]
[White "Jankovic,A"]
[Black "Palac,M"]
[Result "1/2-1/2"]
[WhiteElo "2477"]
[BlackElo "2543"]

1.d4 Nf6 2.Nf3 e6 3.c4 b6 4.g3 Ba6 5.b3 Bb4+ 6.Bd2 Be7 7.Bc3 O-O 8.Bg2 c6
9.O-O d5 10.Nbd2 Nbd7 11.Re1 c5 12.e4 dxe4 13.Nxe4 Bb7 14.Nxf6+  1/2-1/2

[Event "Petrosian Mem Open"]
[Site "Yerevan ARM"]
[Date "2004.11.26"]
[Round "8"]
[White "Evdokimov,Alexa"]
[Black "Sulskis,S"]
[Result "1/2-1/2"]
[WhiteElo "2455"]
[BlackElo "2555"]

1.d4 Nf6 2.c4 e6 3.Nf3 b6 4.g3 Ba6 5.Nbd2 Bb7 6.Bg2 c5 7.e4 cxd4 8.Nxd4 d6
9.O-O Qd7 10.a4 Nc6 11.Nxc6 Bxc6 12.b4 Be7 13.Qe2 O-O 14.Bb2 Bb7 15.Rfd1 Qc7
16.Nb3 e5 17.a5 Bc8 18.axb6 Qxb6 19.Ra4 Bg4 20.Bf3 Be6 21.Rda1 Qc7 22.Nd2 Qb7
23.b5 Nd7 24.Bg4 Bxg4 25.Qxg4 Nc5 26.R4a2 a6 27.Qe2 axb5 28.Rxa8 Rxa8 29.Rxa8+ Qxa8
30.cxb5 Qa2 31.Nc4 Qb3 32.Na5 Qa4 33.Nc6  1/2-1/2

[Event "17th Belgrade Trophy"]
[Site "Obrenovac SCG"]
[Date "2004.11.27"]
[Round "6"]
[White "Nikolic,Br"]
[Black "Marinkov,S"]
[Result "1-0"]
[WhiteElo "2165"]
[BlackElo "2044"]

1.d4 Nf6 2.c4 e6 3.Nf3 b6 4.g3 Ba6 5.b3 Bb4+ 6.Bd2 Be7 7.Bg2 Bb7 8.O-O O-O
9.Bc3 d5 10.Ne5 Ne4 11.Bb2 f6 12.Nd3 dxc4 13.bxc4 Nd6 14.c5 Bxg2 15.cxd6 Bxf1
16.dxe7 Qxe7 17.Kxf1 Rd8 18.Qb3 Kh8 19.Nd2 Nc6 20.Nf3 Re8 21.Qc3 Nd8 22.a4 c6
23.a5 Qb7 24.Qa3 Nf7 25.Rc1 Rac8 26.Kg1 Qb8 27.Qa2 Qd6 28.axb6 axb6 29.Qa6 Qd8
30.Qa4 Qc7 31.Qb3 Nd8 32.Qa4 Qb7 33.h4 Ra8 34.Qb4 Qc7 35.Qb3 Rb8 36.Qa2 Qb7
37.h5 Ra8 38.Qb3 Ra5 39.h6 Rb5 40.Qc3 Qe7 41.hxg7+ Kxg7 42.Kg2 h6 43.Rh1 Rh8
44.Nh4 Qd7 45.Nf4 Qf7 46.Nhg6 Re8 47.Qd2 Rg5 48.Nh4 Rh8 49.Qc3 Rf8 50.Nf3 Rb5
51.Rh4 Rg8 52.Ba3 Qe8 53.Bb2 Qf7 54.Bc1 Rh8 55.Nd3 Qd7 56.Nf4 Qf7 57.Rg4+ Kh7
58.Qc2+ f5 59.Rh4 Kg8 60.Ne5 Qg7 61.Qc4 Rxe5 62.dxe5 Qxe5 63.Ng6  1-0

[Event "Petrosian Mem Open"]
[Site "Yerevan ARM"]
[Date "2004.11.27"]
[Round "9"]
[White "Grigoryan,Av"]
[Black "Asauskas,H"]
[Result "1-0"]
[WhiteElo "2227"]
[BlackElo "2378"]

1.d4 Nf6 2.c4 e6 3.Nf3 b6 4.g3 Ba6 5.b3 Bb4+ 6.Bd2 Be7 7.Nc3 d5 8.cxd5 Nxd5
9.Bg2 Nd7 10.Nxd5 exd5 11.O-O O-O 12.Rc1 Rc8 13.Re1 Ba3 14.Rc2 Qe7 15.Bc1 Bb4
16.Bd2 Bb7 17.Bxb4 Qxb4 18.Qd2 a5 19.Bh3 f5 20.Qf4 Kh8 21.a3 Qd6 22.Qxd6 cxd6
23.Rxc8 Bxc8 24.Rc1 Nb8 25.Rc7 Ba6 26.Ng5 Kg8 27.Bg2 h6 28.Bxd5+ Kh8 29.Nf7+ Kh7
30.e3 Be2 31.Nxd6 Rd8 32.Bc4 Bg4 33.Nf7  1-0

[Event "17th Belgrade Trophy"]
[Site "Obrenovac SCG"]
[Date "2004.11.28"]
[Round "7"]
[White "Rajkovic,Du"]
[Black "Perunovic,Mio"]
[Result "1/2-1/2"]
[WhiteElo "2430"]
[BlackElo "2366"]

1.d4 Nf6 2.c4 e6 3.Nf3 b6 4.g3 Ba6 5.Nbd2 Bb4 6.Qc2 Bb7 7.Bg2 Be4 8.Qb3 Bxd2+
9.Bxd2 O-O 10.O-O d6 11.Qe3 Nbd7 12.Bc3 a5 13.Rfd1 Re8 14.Bh3 Qe7 15.Rac1 Bb7
16.b3 Qf8 17.Bb2 c5 18.Bg2 Be4 19.g4 h6 20.g5 hxg5 21.Qxg5 a4 22.dxc5 bxc5
23.Qh4 axb3 24.axb3 e5 25.Ng5 Bxg2 26.Kxg2 Qe7 27.Rc3 Nf8 28.Ne4 Nxe4 29.Qxe4 Ra2
30.Bc1 Ng6 31.Rcd3 Qh4 32.Qxh4 Nxh4+ 33.Kf1 Nf5 34.Rd5 Ra1 35.Bb2 Rxd1+ 36.Rxd1 Rb8
37.e4 Nd4 38.Bxd4 exd4 39.Rb1 f5 40.exf5 Kf7 41.Ke2 Kf6 42.Kd3 Kxf5 43.Kc2 Rh8
44.b4 Rxh2 45.bxc5 dxc5 46.Rb5 Ke4 47.Rxc5 Rxf2+ 48.Kb3 Rf3+ 49.Kc2 Rc3+
50.Kd2 Rg3 51.Kc2 Rc3+ 52.Kd2 Ra3 53.Rg5 Ra2+ 54.Kc1 Kd3 55.Rg3+ Kxc4 56.Rxg7 Kc3
57.Rc7+ Kd3 58.Rd7 Rh2 59.Rd8 Rh1+ 60.Kb2 Ke3 61.Kc2 Rh2+ 62.Kd1 Kd3 63.Kc1 Rh7
64.Rd6 Rc7+ 65.Kd1 Kc3 66.Ra6 Rh7 67.Ra3+ Kb4 68.Rg3 Kc4 69.Kd2  1/2-1/2

[Event "Open"]
[Site "Banja Luka BIH"]
[Date "2004.12.04"]
[Round "1"]
[White "Milekic,D"]
[Black "Savic,Miod1"]
[Result "0-1"]
[WhiteElo "2054"]
[BlackElo "2503"]

1.d4 Nf6 2.c4 e6 3.Nf3 b6 4.g3 Ba6 5.Nbd2 d5 6.cxd5 exd5 7.Bg2 Bd6 8.O-O O-O
9.Re1 Bb7 10.b3 Nbd7 11.Bb2 Re8 12.Rc1 a5 13.Qc2 a4 14.bxa4 c5 15.Nb1 Ne4
16.Nc3 Nxc3 17.Bxc3 c4 18.Nd2 Bc6 19.e4 Bxa4 20.Qb1 Ba3 21.Bb2 Bb4 22.Bc3 Bxc3
23.Rxc3 b5 24.a3 Qb6 25.Rce3 Qxd4 26.Nf3 Qc5 27.exd5 Rxe3 28.Rxe3 c3 29.Qc1 c2
30.Ne5 Nxe5 31.Rxe5 Rb8 32.Re1 b4 33.axb4 Rxb4 34.Qg5 h6  0-1

[Event "ch-IND"]
[Site "Visakhapatnam IND"]
[Date "2004.12.04"]
[Round "1"]
[White "Kunte,A"]
[Black "Venkatesh,M"]
[Result "1/2-1/2"]
[WhiteElo "2550"]
[BlackElo "2450"]

1.d4 Nf6 2.Nf3 e6 3.c4 b6 4.g3 Ba6 5.b3 Bb4+ 6.Bd2 Be7 7.Nc3 O-O 8.Qc2 d5
9.cxd5 exd5 10.Bg2 c5 11.O-O Nc6 12.Be3 Rc8 13.Qb2 Ne4 14.Rac1 Bf6 15.Rfd1 Nxc3
16.Rxc3 Re8 17.Bf1 Re4 18.Rcc1 cxd4 19.Nxd4 Bxd4 20.Bxd4 Rxd4 21.Rxd4 Nxd4
22.Rxc8 Nxe2+ 23.Qxe2 Bxc8 24.Qf3 Qd6 25.h4 Be6 26.Bd3 Qe5 27.Kh2 a5 28.Kg2 h6
29.Kh2 Kf8 30.Bf1 Ke7 31.Qd3 Qe1 32.f4 d4 33.Qb5 Bd7 34.Qc4 Qc3 35.Qe2+ Qe3
36.Qc2 Kd6 37.Bg2 d3 38.Qc3 Qe2 39.Qc4 f6 40.a4 Qc2 41.Qd5+ Ke7 42.Qe4+ Kf8
43.Qa8+ Be8 44.Qe4 Qxb3 45.Qd4 Qc2 46.Qd6+ Kg8 47.Qd8 Qe2 48.Kh3 d2 49.Bd5+ Kh7
50.Bb3 h5 51.Qd5 Kh6 52.f5 Bxa4 53.Bxa4 Qg4+ 54.Kh2 Qe2+ 55.Kh3 Qg4+ 56.Kh2 Qe2+  1/2-1/2

[Event "Open"]
[Site "Banja Luka BIH"]
[Date "2004.12.06"]
[Round "3"]
[White "Lekic,D"]
[Black "Savic,Miod1"]
[Result "0-1"]
[WhiteElo "2378"]
[BlackElo "2503"]

1.d4 Nf6 2.c4 e6 3.Nf3 b6 4.g3 Ba6 5.b3 Bb7 6.Bg2 Bb4+ 7.Bd2 a5 8.O-O O-O
9.Qc2 d5 10.cxd5 exd5 11.Bf4 Bd6 12.Nc3 Nc6 13.Rfd1 Bxf4 14.gxf4 Ne7 15.Rac1 Ne8
16.e3 c6 17.Ne2 Nd6 18.Ng3 f6 19.Nh4 Qd7 20.f5 a4 21.f3 axb3 22.axb3 Nf7
23.Ra1 Qd6 24.Qc3 Nh6 25.Bf1 Nf7 26.Bd3 c5 27.Ne2 Rfc8 28.Nf4 Ng5 29.Kf2 Kh8
30.Rxa8 Rxa8 31.Ra1 Rc8 32.Ra7 Qb8 33.Ra1 Nc6 34.Nhg2 cxd4 35.exd4 Nxf3 36.Be2 Nfxd4
37.Qd3 Nxe2 38.Qxe2 d4 39.Rd1 Re8 40.Qb5 Ne5 41.Rxd4 Bc6 42.Qb4 Bxg2 43.Kxg2 Qa8+
44.Rd5 Nd3  0-1

[Event "ch-IND"]
[Site "Visakhapatnam IND"]
[Date "2004.12.06"]
[Round "3"]
[White "Sriram,J"]
[Black "Bakre,T"]
[Result "1/2-1/2"]
[WhiteElo "2431"]
[BlackElo "2491"]

1.d4 Nf6 2.c4 e6 3.Nf3 b6 4.g3 Ba6 5.b3 b5 6.cxb5 Bxb5 7.Bg2 d5 8.O-O Nbd7
9.Nc3 Ba6 10.Ne5 c5 11.Bf4 Rc8 12.Na4 Nxe5 13.Bxe5 Nd7 14.Bf4 c4 15.Qd2 Be7
16.Rfc1 O-O 17.b4 Bb5 18.Nc5 Nxc5 19.bxc5 g5 20.Be3 Rb8 21.Rcb1 f6 22.f4 h6
23.Rb4 Qc7 24.Rab1 Bc6 25.Bh3 Bd7 26.Qb2 Rxb4 27.Qxb4 f5 28.Qb7 Qc6 29.Qxa7 Ra8
30.Rb8+ Rxb8 31.Qxb8+ Kg7 32.Qb4 g4 33.Bf1 Bf6 34.Bf2 Qa4 35.Qxa4 Bxa4 36.e3 Kf7
37.Be1 Bd8 38.Kf2 Ke7 39.Bc3 Kd7 40.Be2 Kc6 41.e4 h5 42.exf5 exf5 43.Ke3 Kb5
44.Kd2 Bc7 45.Kc1 Ka6 46.Kb2 Bd8 47.Bf1 Bc7 48.Ka3 Be8 49.Be2 h4 50.Bd1 h3
51.Bd2 Bd8 52.Bc2 Bd7 53.Bd1  1/2-1/2

[Event "FSIM December"]
[Site "Budapest HUN"]
[Date "2004.12.07"]
[Round "4"]
[White "Werner,Di"]
[Black "Fodor,T jr"]
[Result "1/2-1/2"]
[WhiteElo "2301"]
[BlackElo "2169"]

1.d4 Nf6 2.c4 e6 3.Nf3 b6 4.g3 Ba6 5.Nbd2 Bb4 6.Qa4 c5 7.dxc5 bxc5 8.a3 Bxd2+
9.Bxd2 Ne4 10.Bg2 Qb6 11.O-O Nc6 12.Be3 O-O 13.Qc2 d5 14.cxd5 exd5 15.b4 Nd4  1/2-1/2

[Event "FSGM December"]
[Site "Budapest HUN"]
[Date "2004.12.09"]
[Round "6"]
[White "Gonda,L"]
[Black "Berczes,D"]
[Result "1/2-1/2"]
[WhiteElo "2400"]
[BlackElo "2321"]

1.d4 Nf6 2.Nf3 e6 3.c4 b6 4.g3 Ba6 5.b3 Bb4+ 6.Bd2 Be7 7.Nc3 O-O 8.Qc2 d5
9.cxd5 Nxd5 10.Nxd5 exd5 11.e3 Bxf1 12.Kxf1 Nd7 13.Kg2 Bd6 14.b4 Qe7 15.Rhc1 Qe4
16.a4 f5 17.Rab1 h6 18.Rb3 g5 19.b5 a5 20.Bc3 Rf7 21.Qxe4 fxe4 22.Ng1 Raf8
23.Rc2 Nf6 24.Bb2 Ne8 25.Rbc3 Kg7 26.Rc6 Rf6 27.Bc3 R8f7 28.Be1 Kf8 29.Ne2 h5
30.h3 Rf5 31.Nc3 Nf6 32.Nd1 Ne8 33.Nc3 Nf6  1/2-1/2

[Event "UTD GM"]
[Site "Dallas USA"]
[Date "2004.12.09"]
[Round "3"]
[White "Novikov,I"]
[Black "Kujovic,M"]
[Result "1-0"]
[WhiteElo "2588"]
[BlackElo "2360"]

1.d4 Nf6 2.c4 e6 3.Nf3 b6 4.g3 Ba6 5.b3 Bb4+ 6.Bd2 Be7 7.Nc3 d5 8.cxd5 exd5
9.Bg2 c5 10.O-O Nc6 11.Be3 Rc8 12.Rc1 O-O 13.Bh3 Rc7 14.Bf4 Rb7 15.Re1 Re8
16.Bg2 h6 17.Ne5 Nxd4 18.e3 g5 19.Bxg5 Ne2+ 20.Nxe2 hxg5 21.Nc3 Qd6 22.Ng4 Nxg4
23.Qxg4 Qe6 24.Qd1 Rd7 25.Bxd5 Qd6 26.Qf3 Rf8 27.Bc6 Rdd8 28.Rcd1 Qf6 29.Nd5 Qe5
30.Qf5 Qd6 31.h4 Bc8 32.Nxe7+ Qxe7 33.Qxg5+ Qxg5 34.hxg5 Be6 35.e4 c4 36.bxc4 Bxc4
37.a3 b5 38.Kg2 a5 39.Rb1 Rb8 40.Rec1 Rfd8 41.Rb2 Rdc8 42.Bxb5 a4 43.Rb4 Bxb5
44.Rxb5  1-0

[Event "XII It"]
[Site "Solin-Split CRO"]
[Date "2004.12.10"]
[Round "7"]
[White "Dizdarevic,E"]
[Black "Romanishin,O"]
[Result "1/2-1/2"]
[WhiteElo "2538"]
[BlackElo "2543"]

1.Nf3 Nf6 2.c4 e6 3.d4 b6 4.g3 Ba6 5.b3 Bb7 6.Bg2 Bb4+ 7.Bd2 a5 8.O-O O-O
9.a3 Bxd2 10.Qxd2 d6 11.Nc3 Ne4 12.Nxe4  1/2-1/2

[Event "Open"]
[Site "Ashdod ISR"]
[Date "2004.12.11"]
[Round "3"]
[White "Mikhalevski,V"]
[Black "Lerner,K"]
[Result "1-0"]
[WhiteElo "2566"]
[BlackElo "2504"]

1.d4 Nf6 2.c4 e6 3.Nf3 b6 4.g3 Ba6 5.b3 Bb4+ 6.Bd2 Be7 7.Bg2 O-O 8.Nc3 Bb7
9.d5 c6 10.dxc6 dxc6 11.Qc2 c5 12.Rd1 Nc6 13.O-O Qc8 14.Bf4 Nh5 15.Bg5 Nf6
16.Rd2 h6 17.Bf4 g5 18.Bd6 Bxd6 19.Rxd6 g4 20.Nh4 Nd4 21.Qd2 Kg7 22.Nb5 Bxg2
23.Nxd4 Bxf1 24.Ndf5+ exf5 25.Qc3 Qe6 26.Kxf1 Rad8 27.Rxe6 fxe6 28.f3 gxf3
29.Nxf3 Kg8 30.Qe3 Ne4 31.Qxh6 Rf6 32.Qf4 Rff8 33.Qc7 Nd2+ 34.Nxd2 Rxd2 35.Qxa7 Rd6
36.Qe7 Rfd8 37.Kf2 R8d7 38.Qe8+ Kg7 39.h4 Rf7 40.Kf3 Kf6 41.Qb8 Rfd7 42.Qf8+ Kg6
43.Qg8+ Kf6 44.Qh8+ Kf7 45.e3 Rd8 46.Qh7+ Kf6 47.Qh6+ Kf7 48.Qh5+ Kf6 49.Qg5+ Kf7
50.Kf4 Rg8 51.Qh5+ Rg6 52.Ke5 Rd7 53.e4 Kg7 54.Qf3 Rf7 55.Qc3 Kh7 56.h5 Rh6
57.Qf3 Kg7 58.Qd1 Kh7 59.Qd8 Rg7 60.Qxb6 fxe4 61.Kxe4 Rxh5 62.Qxe6 Rxg3 63.Qf7+ Kh6
64.Qf8+ Kh7 65.Kf4 Rg7 66.Qf6 Rg6 67.Qd8 Kg7 68.Qe7+ Kh6 69.Qf8+ Kh7 70.a4 Rh1
71.Qe7+ Kh6 72.Qf8+ Kh7 73.Qe7+ Kh6 74.Kf3 Rh3+ 75.Ke4 Rxb3 76.Qf8+ Kh7 77.Qe7+ Kh6
78.Qf8+ Kh7 79.Qxc5 Rbb6 80.Qc7+ Kh6 81.Kd4 Ra6 82.a5 Rg5 83.c5 Rg4+ 84.Kd5 Ra4
85.Qb6+ Rxb6 86.axb6 Rb4 87.Kc6 Kg6 88.Kb7 Kf7 89.c6  1-0

[Event "XII It"]
[Site "Solin-Split CRO"]
[Date "2004.12.12"]
[Round "9"]
[White "Saric,A"]
[Black "Brkic,A"]
[Result "1/2-1/2"]
[WhiteElo "2437"]
[BlackElo "2454"]

1.d4 Nf6 2.Nf3 e6 3.c4 b6 4.g3 Ba6 5.b3 Bb4+ 6.Bd2 Be7 7.Bg2 c6 8.Bc3 d5
9.Nbd2 O-O 10.O-O Nbd7 11.Re1 c5 12.e4 dxe4 13.Nxe4 Bb7 14.Nxf6+ Bxf6 15.Rc1 cxd4
16.Bxd4 Bxd4 17.Qxd4 Qc7 18.Rcd1  1/2-1/2

[Event "ch-IND"]
[Site "Visakhapatnam IND"]
[Date "2004.12.15"]
[Round "16"]
[White "Harika,D"]
[Black "Bakre,T"]
[Result "1/2-1/2"]
[WhiteElo "2391"]
[BlackElo "2491"]

1.d4 Nf6 2.c4 e6 3.Nf3 b6 4.g3 Ba6 5.b3 b5 6.cxb5 Bxb5 7.Bg2 d5 8.O-O Nbd7
9.Nc3 Ba6 10.Re1 c5  1/2-1/2

[Event "XVII Torre Mem KO"]
[Site "Yucatan MEX"]
[Date "2004.12.17"]
[Round "1.2"]
[White "Arencibia,W"]
[Black "Hernandez,Hol"]
[Result "0-1"]
[WhiteElo "2516"]
[BlackElo "2473"]

1.d4 Nf6 2.c4 e6 3.Nf3 b6 4.g3 Ba6 5.Qa4 Bb7 6.Bg2 c5 7.dxc5 bxc5 8.O-O Be7
9.Nc3 O-O 10.Rd1 Qb6 11.Qb3 Rd8 12.Bf4 d6 13.Rd2 Nc6 14.Qxb6 axb6 15.Rad1 Ne8
16.b3 Rab8 17.g4 f6 18.Nb5 e5 19.Bg3 Na5 20.Ne1 Bxg2 21.Nxg2 Nc6 22.Ne3 Nd4
23.Nd5 Kf7 24.Nxd4 cxd4 25.e3 dxe3 26.fxe3 b5 27.Rc2 Rdc8 28.Rdc1 Bd8 29.b4 Ke6
30.e4 bxc4 31.Rxc4 Rxc4 32.Rxc4 g6 33.Nc3 f5 34.gxf5+ gxf5 35.exf5+ Kxf5
36.a4 Nf6 37.Nb5 d5 38.Rc6 Ne4 39.Nd6+ Nxd6 40.Rxd6 Bb6+ 41.Kg2 Ke4 42.b5 Be3
43.Re6 Bd4 44.Rh6 Ra8 45.b6 Rxa4 46.b7 Rb4 47.Rxh7 Be3 48.h4 d4 49.Re7 Bf4
50.Bxf4 Kxf4 51.h5  0-1

[Event "XIII Open"]
[Site "Erandio ESP"]
[Date "2004.12.20"]
[Round "5"]
[White "Veingold,A"]
[Black "Rizouk,A"]
[Result "1/2-1/2"]
[WhiteElo "2473"]
[BlackElo "2465"]

1.d4 Nf6 2.Nf3 e6 3.c4 b6 4.g3 Ba6 5.b3 Bb4+ 6.Bd2 Be7 7.Bg2 c6 8.Bc3 d5
9.Nbd2 Nbd7 10.O-O O-O 11.Re1 c5 12.e4 dxe4 13.Nxe4 Nxe4 14.Rxe4 Bb7 15.Re2 Bf6
16.Rd2 Qc8 17.Qe2 Qc7 18.Rad1 Rad8 19.Qe3 Rfe8 20.dxc5  1/2-1/2

[Event "Open A"]
[Site "Bethune FRA"]
[Date "2004.12.27"]
[Round "3"]
[White "Van der Stricht,G"]
[Black "Sokolov,And1"]
[Result "0-1"]
[WhiteElo "2413"]
[BlackElo "2591"]

1.d4 Nf6 2.c4 e6 3.Nf3 b6 4.g3 Ba6 5.Nbd2 Bb7 6.Bg2 Be7 7.O-O O-O 8.Re1 d5
9.cxd5 exd5 10.Ne5 Na6 11.a3 c5 12.b3 Nc7 13.Bb2 Ne6 14.e3 a5 15.a4 Rc8 16.dxc5 Bxc5
17.Nd3 Be7 18.Nf3 Ne4 19.Nd4 Bf6 20.Nxe6 fxe6 21.Bxf6 Qxf6 22.f4 Rc3 23.Ne5 Qe7
24.Rb1 Rfc8 25.Qd4 Rc2 26.Bf1 Nd2 27.Bd3 Nxb1 28.Bxc2 Rxc2 29.Rxb1 Qc5 30.b4 axb4
31.Rxb4 Rc1+ 32.Kg2 Qc2+ 33.Kh3 Rh1 34.Nf3 Ba6 35.Qxb6 Bf1+ 36.Kh4 Rxh2+
37.Nxh2 Qxh2+  0-1

[Event "13th Donau Open"]
[Site "Aschach AUT"]
[Date "2004.12.28"]
[Round "4"]
[White "Steiner,S"]
[Black "Knoll,H"]
[Result "0-1"]
[WhiteElo "2159"]
[BlackElo "2356"]

1.d4 Nf6 2.c4 e6 3.Nf3 b6 4.g3 Ba6 5.Qa4 c6 6.Nc3 b5 7.cxb5 cxb5 8.Nxb5 Qb6
9.e3 Bb7 10.Qd1 Bb4+ 11.Nc3 Ne4 12.Bd2 Nxd2 13.Kxd2 Bxc3+  0-1

[Event "Open A"]
[Site "Bethune FRA"]
[Date "2004.12.28"]
[Round "4"]
[White "Tupet,G"]
[Black "Van der Stricht,G"]
[Result "0-1"]
[WhiteElo "2030"]
[BlackElo "2413"]

1.d4 Nf6 2.Nf3 e6 3.c4 b6 4.g3 Ba6 5.b3 Bb4+ 6.Bd2 Be7 7.Bg2 c6 8.Bc3 d5
9.Nbd2 Nbd7 10.O-O O-O 11.Qc2 b5 12.Ne5 Nxe5 13.dxe5 Nd7 14.Rfe1 bxc4 15.bxc4 Nb6
16.Ba5 Qb8 17.Rab1 Qxe5 18.e4 dxc4 19.Bxb6 axb6 20.Rxb6 Bb5 21.Rb7 Qc5 22.Bf1 Ba6
23.Rbb1 c3 24.Nb3 Qa3 25.Nd4 Bxf1 26.Rxf1 Bf6 27.Rfd1 c5 28.Nb5 Qxa2 29.Rbc1 Qc4
30.Nxc3 Rfc8 31.Ne2 Qb4 32.Qc4 g6 33.Nf4 Ra4 34.Qxb4 Rxb4 35.Nd3 Rd4 36.e5 Be7
37.Nb2 Rxd1+ 38.Nxd1 c4 39.Ne3 c3 40.Kf1 g5 41.Ke2 Ba3 42.Rc2 Kg7 43.h3 Bb4
44.Kd3 Bc5 45.Nc4 Rd8+ 46.Ke2 Bb4 47.Nd6 Kg6 48.Ne4 Rd5 49.Nxc3 Rc5 50.Kd3 Rxc3+
51.Rxc3 Bxc3 52.Kxc3 Kf5 53.Kd4 h6 54.Ke3 Kxe5 55.Kf3 f5 56.Ke3 Kd5 57.Kd3 e5
58.Ke3 e4 59.f3 Ke5 60.fxe4 fxe4 61.h4 gxh4 62.gxh4 h5 63.Ke2 Kf4 64.Kf2 Kg4
65.Ke3 Kxh4 66.Kxe4 Kg3 67.Ke3 h4 68.Ke2 h3 69.Kf1 h2  0-1

[Event "21st Open"]
[Site "Boeblinger GER"]
[Date "2004.12.28"]
[Round "5"]
[White "Hoffmann,Mi1"]
[Black "Bogner,S"]
[Result "1-0"]
[WhiteElo "2468"]
[BlackElo "2191"]

1.d4 Nf6 2.c4 e6 3.Nf3 b6 4.g3 Ba6 5.Qb3 c5 6.d5 exd5 7.cxd5 d6 8.Nc3 g6
9.e4 Bxf1 10.Kxf1 Bg7 11.Kg2 O-O 12.Bf4 Nh5 13.Bg5 Qc7 14.g4 Nf6 15.h3 a6
16.Bf4 Nbd7 17.a4 Rfe8 18.Rhe1 Rab8 19.Qc4 Ra8 20.Rac1 Qb8 21.Nd2 Ne5 22.Qf1 Ra7
23.Bg3 b5 24.axb5 axb5 25.Bxe5 Rxe5 26.Nxb5 Rb7 27.Na3 Bh6 28.Nac4 Rxb2 29.Rb1 Rxb1
30.Rxb1 Qe8 31.Nxd6 Qe7 32.f4 Qxd6 33.Nc4 Qa6 34.fxe5 Nxe4 35.Rb6 Qa2+ 36.Rb2 Qa6
37.Qd3 Nd2 38.Rc2 Bf4 39.Rc3 Nxc4 40.Qxc4 Qxc4 41.Rxc4 Bxe5 42.Rxc5 Kf8 43.Rb5 Ke7
44.Rb6 Kd7 45.Kf3 Bc7 46.Ra6 Ke7 47.Ke4 Bd6 48.Ra8 Kf6 49.Rh8 Kg7 50.Rd8 Be7
51.Rd7 Bf6 52.d6 Kf8 53.Kd5 Ke8 54.Rb7  1-0

[Event "Lidums Australian Open"]
[Site "Mount Buller AUS"]
[Date "2004.12.30"]
[Round "3"]
[White "Neudel,B"]
[Black "Oliver,S"]
[Result "1-0"]
[WhiteElo "1909"]
[BlackElo "1980"]

1.d4 Nf6 2.Nf3 e6 3.c4 b6 4.g3 Ba6 5.b3 Ne4 6.a3 Be7 7.Bg2 Bb7 8.O-O O-O
9.Bb2 d6 10.Qd3 Qc8 11.Nc3 Nxc3 12.Bxc3 Nd7 13.e4 f5 14.exf5 Rxf5 15.Rae1 Nf8
16.d5 Bf6 17.Bh3 Bxc3 18.Qxc3 Rf6 19.Ng5 Qe8 20.Bxe6+ Nxe6 21.Rxe6 Rxe6 22.Nxe6 Qf7
23.f4 Rc8 24.Qd3 h6 25.Nd4 Re8 26.f5 Re5 27.Qd2 Qh5 28.Qf4 a6 29.f6 g5 30.f7+ Kh7
31.Qf2  1-0

[Event "XI Open A"]
[Site "Bosnjaci CRO"]
[Date "2005.01.07"]
[Round "7"]
[White "Blagojevic,D"]
[Black "Brkic,A"]
[Result "1/2-1/2"]
[WhiteElo "2527"]
[BlackElo "2454"]

1.d4 Nf6 2.c4 e6 3.Nf3 b6 4.g3 Ba6 5.b3 Bb4+ 6.Bd2 Be7 7.Bg2 c6 8.Bc3 d5
9.Nbd2 Nbd7 10.O-O O-O 11.Re1 c5 12.e4 dxe4 13.Nxe4 Bb7 14.Nxf6+ Bxf6 15.Qd2 Qc7
16.Rad1 Rfd8 17.Qe3 cxd4 18.Bxd4 Bxf3 19.Qxf3 Rac8 20.Be3 Nc5 21.Bf4 e5 22.Be3 Ne6
23.Bh3 Rxd1 24.Rxd1 Rd8 25.Bxe6 Rxd1+ 26.Qxd1 fxe6 27.Qg4 Qc6 28.f3 Be7 29.Qe4 Qxe4
30.fxe4 Kf7 31.Kf1 Ke8 32.Bd2 Kd7 33.Ke2 Kc6 34.Kd3 a6 35.b4 b5 36.Kc2 h5
37.h4 g6 38.Kb3 Bd8 39.Be3 Bc7 40.a4 Bb8 41.Bc5 Bc7 42.Be7 Bb8 43.Bd8 Bd6
44.c5 Bc7 45.axb5+ axb5 46.Bxc7  1/2-1/2

[Event "Tch-FIN 2004-5"]
[Site "Finland FIN"]
[Date "2005.01.15"]
[Round "6"]
[White "Sisatto,O"]
[Black "Franssila,T"]
[Result "1/2-1/2"]
[WhiteElo "2152"]
[BlackElo "2279"]

1.d4 Nf6 2.c4 e6 3.Nf3 b6 4.g3 Ba6 5.b3 Bb4+ 6.Bd2 Be7 7.Nc3 O-O 8.e4 d5
9.cxd5 Bxf1 10.Kxf1 exd5 11.e5 Ne4 12.Kg2 c5 13.Qe2 Nxc3 14.Bxc3 Nc6 15.Rad1 Qd7
16.Rhe1 Qe6 17.Ng1 cxd4 18.Bxd4 Bb4 19.Rf1 Nxd4 20.Rxd4 Bc3 21.Rd3 Qxe5 22.Qxe5 Bxe5
23.Rxd5  1/2-1/2

[Event "Open"]
[Site "Geneva SUI"]
[Date "2005.01.24"]
[Round "3"]
[White "Kempinski,R"]
[Black "Shchekachev,A"]
[Result "1/2-1/2"]
[WhiteElo "2624"]
[BlackElo "2559"]

1.d4 Nf6 2.c4 e6 3.Nf3 b6 4.g3 Ba6 5.Qa4 Bb7 6.Bg2 c5 7.dxc5 Bxc5 8.O-O O-O
9.Nc3 Be7 10.Bf4 a6 11.Rfd1 d6 12.Qa3 Ne8 13.Rac1  1/2-1/2